|
|
|
|
| LEADER |
00000nam a2200000 a 4500 |
| 001 |
UCW7122 |
| 003 |
CL-VaPUC |
| 008 |
920907e19770000SP |||||||||||||||||spa|d |
| 082 |
0 |
4 |
|a 370.1
|b LAE
|2 21
|
| 100 |
|
|
|a Laeng, Mauro
|e author
|9 342489
|
| 245 |
1 |
0 |
|a Esquemas de pedagogía
|
| 300 |
|
|
|a 285 p
|
| 942 |
|
|
|c BK
|
| 945 |
|
|
|d 19920907 00:00:00
|
| 260 |
|
|
|a Barcelona
|b Herder
|c 1977
|
| 650 |
|
7 |
|a PEDAGOGIA TEORIAS
|2 CL-VaPUC
|9 312242
|
| 650 |
|
0 |
|a Filosofía de la educación
|9 258384
|
| 583 |
|
|
|a last modification
|c 19920907 00:00:00
|k Rodrigo Vera
|
| 999 |
|
|
|c 219986
|d 219984
|
| 952 |
|
|
|0 0
|1 0
|4 0
|6 370_100000000000000_LAE_1977
|7 0
|8 A
|9 211613
|a BIBEDU
|b BIBEDU
|d 2019-11-15
|i 2798050
|o 370.1 LAE 1977
|p 2798050
|r 2019-11-15
|w 2019-11-15
|y BK
|k EDU
|
| 952 |
|
|
|0 0
|1 0
|4 0
|6 370_100000000000000_LAE_1977
|7 0
|8 A
|9 211614
|a BIBEDU
|b BIBEDU
|d 2019-11-15
|i 2798069
|o 370.1 LAE 1977
|p 2798069
|r 2019-11-15
|w 2019-11-15
|y BK
|k EDU
|
| 952 |
|
|
|0 0
|1 0
|4 0
|6 370_100000000000000_LAE_1977
|7 0
|8 A
|9 211615
|a BIBEDU
|b BIBEDU
|d 2019-11-15
|i 2798077
|o 370.1 LAE 1977
|p 2798077
|r 2019-11-15
|w 2019-11-15
|y BK
|k EDU
|
| 952 |
|
|
|0 0
|1 0
|4 0
|6 370_100000000000000_LAE_1977
|7 0
|8 A
|9 211616
|a BIBEDU
|b BIBEDU
|d 2019-11-15
|i 2798085
|o 370.1 LAE 1977
|p 2798085
|r 2019-11-15
|w 2019-11-15
|y BK
|k EDU
|